Регионална библиотека "Любен Каравелов" - Русе

Религиозна политика (Запис номер 166845)

MARC детайли
000 -Лидер
Контролно поле с фиксирана дължина 02051nam a2200373 c 4500
003 - Код на организацията, давaща контролен номер
Контролно поле BLK
005 - Дата и час на последна редакция
Контролно поле 20180422114140.0
008 - Елементи от данни с фиксирана дължина
fixed length control field 180411b bul|||||r ||||||| ||bul||
010 ## - Наследен системен номер
LC control number KNG00174605000
020 ## - Международен стандартен номер на книга ISBN
Международен стандартен номер на книга ISBN 954-445-840-9
-- издат.: Христо Ботев
040 ## - Източник на каталожния запис
Идентификатор на билиотеката - собственик на записа BLK
041 ## - Код за език
Код за езика на текст/звукозапис или на отделно заглавие Български
Код за езика КДБФ Български
072 #7 - Код за тематичната категория
Код организация bullib
Код за тематична категория Н32
Текст Политика Н
080 ## - УДК
Текстов определител УДК Отношение между държавата и църквата. Религиозна политика. -Обединяване и разделяне на държавата и църквата. Политика на църквата. Антиклерикализъм. Църквата като носител на държавни функции. Вж
УДК код - определител по УДК 322
УДК определител
УДК - код + определител 322
080 ## - УДК
Текстов определител УДК Различни влияния и отношения на църквата. Църква и ...(еврейство, езичество, морал, духовно развитие и възпитание, култура, държава. Християнска цивилизация. Икуменизъм. Обединение на църквит
УДК код - определител по УДК 261
УДК определител
УДК - код + определител 261
100 1# - Редна дума - Автор
Автор Димов, Ангел Георгиев
Авторска отговорност първи автор
R(LIN) 376801
139 ## - Редно поле
Редна дума Димов, Ангел Георгиев
Авторски знак Димо - Д 60
245 10 - Сведения за заглавието
Заглавие Религиозна политика
Редно поле (дума) Ангел Георгиев Димов.
250 ## - Област на изданието
Сведения за изданието 5. прераб. и доп. изд.
257 ## - Страна на издаване
Страна на създаване/издаване България
260 ## - Област на издателските данни
-- София
Име на издателя, разпространителя и проч. Христо Ботев
Година на издаване 2014
Печатница Пловдив : Аграр. унив.
300 ## - Физическа характеристика
Страници 158 с.
Размери/Мащаб 21 см
380 ## - Жанр
Жанр Обществени науки
500 ## - Общи забележки
Забележка 1. изд. 2003. - Библиогр. с. 157-158. - Съдържа и за авт.
650 #4 - Допълнително описание по предмет – тема
Основно описание – тема или топоним Религия и политика
9 (RLIN) 279287
650 #4 - Допълнително описание по предмет – тема
Основно описание – тема или топоним Държава и църква
9 (RLIN) 261771
653 ## - Ключова дума – ненормативна
Ключова дума религиозна политика
659 ## - Тематичен бюлетин
Тематичен бюлетин Н
852 ## - Местоположение
Форматна сигнатура Цб 273989
856 4# - Електронен адрес и достъп
Електронен формат pdf - файл
Път до файла /url/
856 4# - Електронен адрес и достъп
Електронен формат pdf - файл
Път до файла /url/
942 ## - АРТИКУЛИ
Вид на библиотечния материал Книги
Скрит в OPAC Не
944 ## - СЪЗДАВАНЕ И РЕДАКЦИЯ на ЗАПИСА
Създаване/Редакция Създаване
Дата на регистрацията/редакция 24.04.2015
Статус, дата на статуса ф /
Служител, извършил регистрацията/редакцията Виолета_Тройчева
944 ## - СЪЗДАВАНЕ И РЕДАКЦИЯ на ЗАПИСА
Създаване/Редакция Редакция
Дата на регистрацията/редакция 27.06.2015
Статус, дата на статуса ф /
Служител, извършил регистрацията/редакцията Пенка_Димитрова
999 ## - СИСТЕМНИ КОНТРОЛНИ НОМЕРА
Koha biblionumber 166845
Koha biblioitemnumber 166845
Наличности
Код за отписване Код за изгубен артикул Код за повреда Коз за рестрикции Код за отдаване Артикулен № Име на библиотеката - собственик Име на библиотеката, в която се намира в момента Статус (Текущо местоположение) Дата на вписване в системата Местоположение - отдел Цена в лева Инвентарен номер Систематично азбучна сигнатура Баркод Номер на екземпляра Цена в евро Служебна бележка Служебен тип на артикула
  Не е изгубен Не е повреден без рестрикции заемане за дома 281073 Регионална библиотека "Любен Каравелов" Русе Регионална библиотека "Любен Каравелов" Русе Заемна - подръчен фонд 2015-04-27 Заемна - подръчен фонд 15.00 120000787500 П 32/Д 60 120000787500 1 7.67 Дост: DA Вид: А N: 7 Дата: 27.04.2015 Дата инв: 02.02.2018 Бележки инв: П2018 Книги
  Не е изгубен Не е повреден без рестрикции ползва се в читалня 281074 Регионална библиотека "Любен Каравелов" Русе Регионална библиотека "Любен Каравелов" Русе Хранилище 2015-06-28 Хранилище 15.00 120000789292 Цб 273989 120000789292 2 7.67 Дост: Dp Вид: Д N: 5 Дата: 24.01.2015 Книги
Vip Innovations Ltd, Rousse, Bulgaria 2025